| 000 | 00687cam a22002173a 4500 | ||
|---|---|---|---|
| 001 | 44913 | ||
| 003 | PGUSA | ||
| 005 | 20140828084027.0 | ||
| 008 | 140214s2014||||xxu|||||s|||||000 | eng d | ||
| 040 |
_aPGUSA _beng |
||
| 042 | _adc | ||
| 100 | 1 | _aRooke, Octavius | |
| 245 | 1 | 4 |
_aThe Life of the Moselle : _bFrom its source in the Vosges Mountains to its junction with the Rhine at Coblence _h[electronic resource] / _cOctavius Rooke |
| 260 |
_bProject Gutenberg, _c2014 |
||
| 506 | _aPublic domain in the USA. | ||
| 516 | _aElectronic text | ||
| 700 | 1 | _aHumphreys, Henry Noel | |
| 830 | 0 |
_aProject Gutenberg _v44913 |
|
| 856 | 4 | 0 | _uhttp://www.gutenberg.org/ebooks/44913 |
| 942 | _cEB | ||
| 999 |
_c274164 _d274164 |
||